The White Stripes Songs - Sudden Death - Statistics

General Stats
  • This quiz has been taken 18 times
  • The average score is 7 of 10
Answers on the Grid
Answers color-coded by a green-red scale on the quiz's grid according to % correct below.
Alleyway Daydreamer
Black Math
Blistered Stereo Love
Blue Orchid
Candycane Fever Dream
Chalk Dust Serenade
Cold Wire Carnival
Crimson Boots Countdown
Dead Leaves and the Dirty Ground
Elevator Blues After Midnight
Fell in Love with a Girl
Ghost in the Vinyl Machine
Hollow Moon Shuffle
Hotel Yorba
Icky Thump
Little Cream Soda
Long Shadows on the Backseat
My Doorbell
Neon Porch Hymn
Paper Lantern Riot
Red Bicycle Blues
Seven Nation Army
Silver Paint Confession
Splintered Heart Boogie
Static in My Coffee Cup
The Hardest Button to Button
The Wooden Echo Parade
Tin Can Thunder
Whispering Polaroids
Yellow Jacket Breakdown
 
Answer Stats
Answer % Correct
Seven Nation Army
88%
Fell in Love with a Girl
71%
My Doorbell
71%
The Hardest Button to Button
71%
Black Math
65%
Blue Orchid
65%
Dead Leaves and the Dirty Ground
65%
Hotel Yorba
65%
Icky Thump
65%
Little Cream Soda
41%
No matching quizzes found
Score Distribution
Percent of People with Each Score
Percentile by Number Answered
Your Score History
You have not taken this quiz